Open Data Biblioteca Nacional de Portugal


República Portuguesa: Ministério da Cultura
Biblioteca Nacional de Portugal

Catálogo da BNP: acesso por Identificadores Unívocos
Registos Bibliográficos associados ao registo de autoridade

Etiqueta de registo: 00000nam 2200025 450
001 2278274
003 http://id.bnportugal.gov.pt/bib/catbnp/2278274
100 ## $a20260309d2023 k y0pory01030103ba
101 0# $aeng$dpor
102 ## $aPT
105 ## $aa m 000yy
106 ## $ar
200 1# $aExperimental characterization and retrofitting of masonry barrel vaults from Yucatan churches, Mexico$fIsis Elizabeth Rodriguez Pérez$gorient. Paulo José Brandão Barbosa Lourenço, Graça de Fátima Moreira de Vasconcelos
210 #9 $a[S.l.$cs.n.],$d2023
215 ## $aXXI, 259 p.$cil.$d30 cm
328 #1 $aTese dout. Engenharia Civil, Escola de Engenharia, Universidade do Minho, 2023
675 ## $a624.012(72)(043)$vBN$zpor$31995961
675 ## $a726.54(72)(043)$vBN$zpor$31995963
700 #1 $aRodriguez Pérez,$bIsis Elizabeth$31990032
702 #1 $aLourenço,$bPaulo B.,$f1967-$4727$3685767
702 #1 $aVasconcelos,$bGraça de Fátima M. de $4727$31464722
801 #0 $aPT$bBN$gRPC
856 40 $2Cópia digital disponível no RepositóriUM - Universidade do Minho$uhttps://hdl.handle.net/1822/84698
966 ## $lBN$mFGMON$sS.A. 193613 V.$x1
971 ## $corlando$d20260309
972 ## $e0$z0$d20260422$vlrevez
973 ## $cigoulao$d20260416

OpendataBNP@bnportugal.pt | Mais informação sobre acesso aos dados BNP